{"text_format":"3","workbook":"xlsx","n_sheets":3,"sheets":["控制价分析表","地下钢筋","地上砂浆水泥砂石砌体"],"not_rendered":{"defined_names":3},"read":"whole","date_system":"1900"}

{"sheet":"控制价分析表","index":0,"n_rows":25,"n_cols":12,"rows_kept":25,"hidden":true,"merged":[[0,0,0,11],[1,0,1,1],[1,2,1,5],[1,6,3,6],[1,7,3,7],[1,8,3,8],[2,0,3,0],[2,1,3,1],[2,2,3,2],[2,3,3,3],[2,4,3,4],[2,5,3,5],[2,9,3,9],[2,10,3,10],[2,11,3,11]]}
["工程项目单价分析表"]
["项目名称",null,{"$f":"#REF!","v":{"$error":"#REF!"}},{"$nulls":3},"成本合价\n（含税）","预算单价\n（含税）","预算总价\n（含税）","类型",null,"单位：（元）"]
["序号","子目名称","单位","数量","单价","成本单价\n（含税）",{"$nulls":3},"单项利润","单项盈亏比(利润/单项总利润)","备注"]
[]
["一","建筑与装饰工程",null,null,"",null,{"$f":"SUM(G6:G21)","v":{"v":4161826.7,"d":"4161826.70"}},null,{"$f":"SUM(I6:I21)","v":{"v":4329404.3906,"d":"4329404.39"}},{"$f":"SUM(J6:J21)","v":{"v":167577.6906,"d":"167577.69"}},{"$f":"J5/I5","v":{"v":0.038706869463117,"d":"3.87%"}}]
[1,"钢筋分项工程","m3",{"v":99299.8,"d":"99299.80"},11.43,{"v":11,"d":"11.00"},{"$f":"ROUND(F6*D6,2)","v":{"v":1092297.8,"d":"1092297.80"}},{"$f":"E6","v":11.43},{"$f":"H6*D6","v":{"v":1134996.714,"d":"1134996.71"}},{"$f":"I6-G6","v":{"v":42698.9139999999,"d":"42698.91"}},{"$f":"J6/$I$5","v":{"v":0.00986253769518683,"d":"0.99%"}}]
[2,"模板分项工程","m3",{"v":99299.8,"d":"99299.80"},8.65,{"v":8.5,"d":"8.50"},{"$f":"ROUND(F7*D7,2)","v":{"v":844048.3,"d":"844048.30"}},{"$f":"E7","v":8.65},{"$f":"H7*D7","v":858943.27},{"$f":"I7-G7","v":14894.97},{"$f":"J7/$I$5","v":{"v":0.00344042012622797,"d":"0.34%"}}]
[3,"混凝土分项工程","m3",84324.17,19.25,{"v":18.5,"d":"18.50"},{"$f":"ROUND(F8*D8,2)","v":1559997.15},{"$f":"E8","v":19.25},{"$f":"H8*D8","v":{"v":1623240.2725,"d":"1623240.27"}},{"$f":"I8-G8","v":{"v":63243.1225000001,"d":"63243.12"}},{"$f":"J8/$I$5","v":{"v":0.0146078113278846,"d":"1.46%"}}]
[4,"脚手架分项工程","m3",8962.74,15.41,{"v":14.5,"d":"14.50"},{"$f":"ROUND(F9*D9,2)","v":129959.73},{"$f":"E9","v":15.41},{"$f":"H9*D9","v":{"v":138115.8234,"d":"138115.82"}},{"$f":"I9-G9","v":{"v":8156.0934,"d":"8156.09"}},{"$f":"J9/$I$5","v":{"v":0.00188388347776163,"d":"0.19%"}}]
[5,"砖砌体分项工程"]
[6,"二次结构工程"]
[7,"抹灰工程"]
[8,"顶板、底板、侧壁防水及侧壁保温工程"]
[9,"楼地面工程"]
[10,"屋面工程"]
[11,"土石方工程"]
[12,"安全文明施工费"]
[13,"其它零星工程"]
[14,"水电预留预埋"]
["5","桩基工程 ","m3",8962.74,16.71,{"v":15.5,"d":"15.50"},{"$f":"ROUND(F20*D20,2)","v":138922.47},{"$f":"E20","v":16.71},{"$f":"H20*D20","v":{"v":149767.3854,"d":"149767.39"}},{"$f":"I20-G20","v":{"v":10844.9154,"d":"10844.92"}},{"$f":"J20/$I$5","v":{"v":0.00250494396493579,"d":"0.25%"}}]
["6","淤泥换填  灰土","m3",4481.37,94.69,{"v":88.5,"d":"88.50"},{"$f":"ROUND(F21*D21,2)","v":396601.25},{"$f":"E21","v":94.69},{"$f":"H21*D21","v":{"v":424340.9253,"d":"424340.93"}},{"$f":"I21-G21","v":{"v":27739.6753,"d":"27739.68"}},{"$f":"J21/$I$5","v":{"v":0.00640727287112019,"d":"0.64%"}}]
["六","含税合计",{"$nulls":4},{"$f":"G5","v":{"v":4161826.7,"d":"4161826.70"}},{"$f":"H5","v":{"v":0,"d":"0.00"}},{"$f":"I5","v":{"v":4329404.3906,"d":"4329404.39"}}]
["七","税率",{"$nulls":4},{"v":0.09,"d":"9.00%"},null,{"v":0.09,"d":"9.00%"}]
["八","税金",{"$nulls":4},{"$f":"G22/1.09*0.09","v":{"v":343637.066972477,"d":"343637.07"}},{"$f":"H22/1.09*0.09","v":{"v":0,"d":"0.00"}},{"$f":"I22/1.09*0.09","v":{"v":357473.757022018,"d":"357473.76"}}]
["九","合计"]

{"sheet":"地下钢筋","index":1,"n_rows":10,"n_cols":7,"rows_kept":10,"merged":[[0,0,0,6],[1,0,1,6],[2,0,3,0],[2,1,3,1],[2,2,3,2],[2,3,3,3],[2,4,2,5],[2,6,3,6]]}
["控制价清单表"]
["隆润朗景台项目-（车库）钢筋材料采购控制价清单"]
["序号","项目名称","单位","暂定工程量","控制价（含税13%）",null,"备注"]
[{"$nulls":4},"材料单价(元）","材料合价(元)"]
[1,"φ10以内的盘圆","t",{"v":120.615838073771,"d":"120.62"},{"v":3976.5,"d":"3976.50"},{"$f":"D5*E5","v":{"v":479628.88010035,"d":"479628.88"}}]
[2,"φ10以内的盘螺","t",{"v":1015.86074875665,"d":"1015.86"},{"v":3991.5,"d":"3991.50"},{"v":4054808.17866217,"d":"4054808.18"}]
[3,"螺纹12-14","t",{"v":1444.23553650894,"d":"1444.24"},3763.73,{"v":5435712.61582479,"d":"5435712.62"}]
[4,"螺纹16","t",{"v":387.38484590227,"d":"387.38"},3723.73,{"v":1442516.57223166,"d":"1442516.57"}]
[5,"螺纹18及以上","t",{"v":1384.08263075836,"d":"1384.08"},3713.73,{"v":5140109.18832624,"d":"5140109.19"}]
[6,"合计","元",null,null,{"$f":"SUM(F5:F9)","v":16552775.4351452}]

{"sheet":"地上砂浆水泥砂石砌体","index":2,"n_rows":19,"n_cols":7,"rows_kept":19,"hidden":true,"merged":[[0,0,0,6],[1,0,1,6],[2,0,3,0],[2,1,3,1],[2,2,3,2],[2,3,3,3],[2,4,2,5],[2,6,3,6]]}
["四、控制价清单表"]
["隆润朗景台项目-（高层、合院、商业及服务用房）砂浆水泥砂石砌体材料采购控制价清单"]
["序号","项目名称","单位","暂定工程量","控制价（含税13%）",null,"备注"]
[{"$nulls":4},"材料单价(元）","材料合价(元)"]
[1,"实心砖","m3",{"v":761.587382696751,"d":"761.59"},260.52,{"$f":"D5*E5","v":{"v":198408.744940158,"d":"198408.74"}}]
[2,"空心砖","m3",2567.53,220.16,{"v":565267.4048,"d":"565267.40"}]
[3,"多孔砖","m3",{"$f":"4567.52940622895-D6","v":{"v":1999.99940622895,"d":"2000.00"}},234.73,{"v":469459.860624121,"d":"469459.86"}]
[4,"耐火砖","m3",{"v":49.4098145439401,"d":"49.41"},1234.36,{"v":60989.4986804579,"d":"60989.50"}]
[5,"加气混凝土砌块","m3",{"v":9040.67119653037,"d":"9040.67"},291.88,{"v":2638791.10884328,"d":"2638791.11"}]
[6,"水泥 综合","t",{"v":826.402544,"d":"826.40"},{"v":384.2,"d":"384.20"},{"v":317503.8574048,"d":"317503.86"}]
[7,"细沙 综合","m3",{"v":253.057,"d":"253.06"},221.71,{"v":56105.26747,"d":"56105.27"}]
[8,"碎石 综合","m3",{"v":970.345,"d":"970.35"},178.99,{"v":173682.05155,"d":"173682.05"}]
[9,"M5湿拌砌筑砂浆","m3",{"v":2036.721,"d":"2036.72"},471.21,{"v":959723.30241,"d":"959723.30"}]
[10,"M7.5湿拌砌筑砂浆","m3",{"v":397.687,"d":"397.69"},476.86,{"v":189641.02282,"d":"189641.02"}]
[11,"M15湿拌地面砂浆","m3",{"v":1155.954,"d":"1155.95"},551.44,{"v":637439.27376,"d":"637439.27"}]
[12,"M20湿拌地面砂浆","m3",{"v":756.466,"d":"756.47"},560.48,{"v":423984.06368,"d":"423984.06"}]
[13,"M15湿拌抹灰砂浆","m3",{"v":1985.598,"d":"1985.60"},431.66,{"v":857103.23268,"d":"857103.23"}]
[14,"M20湿拌抹灰砂浆","m3",{"v":6.686,"d":"6.69"},540.14,{"v":3611.37604,"d":"3611.38"}]
[15,"合计","元",null,null,{"$f":"SUM(F5:F18)","v":7551710.06570282}]